000 00426nam a22001577a 4500
005 20260227144441.0
008 260227b |||||||| |||| 00| 0 eng d
020 _a0310273927
050 _aBV4501.3
_b.W36
100 _aWARREN RICK
245 _aGOD'S POWER TO CHANGE YOUR LIFE
260 _aZONDER VAN
_bZONDER VAN GRAND RAPID
_c2006
300 _aVIII, 236P.
650 _aCHRISTIAN LIFE
_vFRUIT OF THE SPIRIT
942 _cBK
999 _c4568
_d4568